[Event "HUN-chT2 Barcza 1112 "]
[Site "Hungary"]
[Date "2012.05.06"]
[Round "10"]
[White "Isepy, Jozsef"]
[Black "Molnar, Balazs"]
[Result "1-0"]
[WhiteElo "2180"]
[BlackElo "2157"]
[PlyCount "73"]
[EventDate "2011.09.25"]
[EventType "team-tourn"]
[EventRounds "11"]
[EventCountry "HUN"]
[SourceTitle "EXT 2013"]
[Source "ChessBase"]
[SourceDate "2012.11.22"]
[SourceVersion "1"]
[SourceVersionDate "2012.11.22"]
[SourceQuality "1"]
[WhiteTeam "Sarospatak"]
[BlackTeam "Hajduboszormeny"]
[WhiteTeamCountry "HUN"]
[BlackTeamCountry "HUN"]

1. e4 d6 2. d4 Nf6 3. Bd3 e5 4. c3 g6 5. Nf3 Bg4 6. Nbd2 exd4 7. cxd4 Bg7 8. 0-0 0-0 9. h3 Bxf3 10. Nxf3 Nc6 11. Qb3 Rb8 12. Re1 Nd7 13. Be3 h6 14. Rad1 Qe7 15. d5 Nd8 16. Bxa7 Ra8 17. Be3 Re8 18. Rc1 c6 19. a3 Nf6 20. Bd2 Nh5 21. g4 Nf6 22. Bb4 Qd7 23. Nh2 h5 24. f3 Nh7 25. Kg2 Qe7 26. e5 Qh4 27. exd6 Rxe1 28. Rxe1 Ng5 29. Re8+ Kh7 30. f4 Nde6 31. Rxe6 fxe6 32. fxg5 Bd4 33. Qc2 Qxg5 34. Nf3 Qe3 35. Bxg6+ Kg7 36. Nxd4 Qxd4 37. Bc3 1-0

[Event "HUN-chT2 Barcza 1112 "]
[Site "Hungary"]
[Date "2012.02.19"]
[Round "6"]
[White "Isepy, Jozsef"]
[Black "Deak, Sandor"]
[Result "0-1"]
[WhiteElo "2180"]
[BlackElo "2305"]
[PlyCount "58"]
[EventDate "2011.09.25"]
[EventType "team-tourn"]
[EventRounds "11"]
[EventCountry "HUN"]
[SourceTitle "EXT 2013"]
[Source "ChessBase"]
[SourceDate "2012.11.22"]
[SourceVersion "1"]
[SourceVersionDate "2012.11.22"]
[SourceQuality "1"]
[WhiteTeam "Sarospatak"]
[BlackTeam "Nadudvar"]
[WhiteTeamCountry "HUN"]
[BlackTeamCountry "HUN"]

1. e4 c5 2. Nf3 Nc6 3. d4 cxd4 4. Nxd4 g6 5. Be3 Nf6 6. Nc3 Bg7 7. Be2 0-0 8. 0-0 d5 9. exd5 Nb4 10. d6 Qxd6 11. Ndb5 Qb8 12. a3 Nc6 13. Bf3 Ne5 14. h3 Nxf3+ 15. Qxf3 a6 16. Nd4 e5 17. Nb3 Bd7 18. Bg5 Bc6 19. Qe3 Qc7 20. Rfe1 Nh5 21. Rad1 f6 22. Bh6 Bxh6 23. Qxh6 Nf4 24. g3 Ne6 25. h4 g5 26. hxg5 Nxg5 27. Nd2 Rad8 28. Kf1 Qc8 29. Rxe5 Nf7 0-1

[Event "HUN-chT2 Maroczy 0910"]
[Site "Hungary"]
[Date "2010.03.21"]
[Round "8"]
[White "Isepy, Jozsef"]
[Black "Szabo, Laszlo3333"]
[Result "1-0"]
[WhiteElo "2173"]
[BlackElo "1979"]
[PlyCount "81"]
[EventDate "2009.11.08"]
[EventType "team-tourn"]
[EventRounds "11"]
[EventCountry "HUN"]
[SourceTitle "EXT 2011"]
[Source "ChessBase"]
[SourceDate "2010.11.26"]
[SourceVersion "1"]
[SourceVersionDate "2010.11.26"]
[SourceQuality "1"]
[WhiteTeam "Miskolc EMSE"]
[BlackTeam "Hajduboszormeny"]
[WhiteTeamCountry "HUN"]
[BlackTeamCountry "HUN"]

1. e4 e6 2. d4 d5 3. exd5 exd5 4. Nf3 Be7 5. Bd3 Nf6 6. 0-0 0-0 7. h3 b6 8. Bg5 c5 9. c3 Nbd7 10. Nbd2 Bb7 11. Re1 Re8 12. Qc2 h6 13. Bh4 Rc8 14. Re3 Nh5 15. Rae1 Nhf6 16. Bf5 cxd4 17. Nxd4 g5 18. Bg3 Bc5 19. Rxe8+ Nxe8 20. Qa4 Nef6 21. Qxa7 Bxd4 22. Qxb7 Bc5 23. Nb3 Bf8 24. Rd1 Rc4 25. Bxd7 Qxd7 26. Qxd7 Nxd7 27. Rxd5 Nf6 28. Rd8 Ne4 29. Be5 Rc6 30. f3 Re6 31. Bc7 Rc6 32. Bb8 Nc5 33. Nd4 Rg6 34. Nf5 Nb7 35. Ne7+ Kg7 36. Be5+ f6 37. Rxf8 Kxf8 38. Nxg6+ Kg7 39. Bc7 Kxg6 40. Bxb6 f5 41. a4 1-0

[Event "HUN-chT2 Maroczy 0910"]
[Site "Hungary"]
[Date "2010.02.28"]
[Round "7"]
[White "Isepy, Jozsef"]
[Black "Antal, Laszlo"]
[Result "1/2-1/2"]
[WhiteElo "2173"]
[BlackElo "2180"]
[PlyCount "66"]
[EventDate "2009.11.08"]
[EventType "team-tourn"]
[EventRounds "11"]
[EventCountry "HUN"]
[SourceTitle "EXT 2011"]
[Source "ChessBase"]
[SourceDate "2010.11.26"]
[SourceVersion "1"]
[SourceVersionDate "2010.11.26"]
[SourceQuality "1"]
[WhiteTeam "Miskolc EMSE"]
[BlackTeam "Fenstherm"]
[WhiteTeamCountry "HUN"]
[BlackTeamCountry "HUN"]

1. e4 e5 2. Nf3 Nc6 3. Bb5 a6 4. Bxc6 dxc6 5. 0-0 f6 6. d4 exd4 7. Qxd4 Qxd4 8. Nxd4 c5 9. Nf3 Bg4 10. Bf4 Bxf3 11. gxf3 0-0-0 12. Nc3 Bd6 13. Bxd6 Rxd6 14. Rad1 Ne7 15. Rxd6 cxd6 16. Rd1 Rd8 17. Kg2 Kc7 18. Kg3 Kc6 19. Nd5 Nxd5 20. Rxd5 Re8 21. Kf4 g6 22. h4 Re5 23. Rd1 b5 24. c3 Rh5 25. Kg4 d5 26. b3 f5+ 27. Kg3 fxe4 28. fxe4 dxe4 29. Rd8 g5 30. hxg5 Rxg5+ 31. Kf4 Rg2 32. Ke3 Rg4 33. Ra8 Kd5 1/2-1/2

[Event "HUN-chT2 Maroczy 0910"]
[Site "Hungary"]
[Date "2009.11.08"]
[Round "1"]
[White "Herpai, Jozsef"]
[Black "Isepy, Jozsef"]
[Result "1-0"]
[WhiteElo "2243"]
[BlackElo "2173"]
[PlyCount "85"]
[EventDate "2009.11.08"]
[EventType "team-tourn"]
[EventRounds "11"]
[EventCountry "HUN"]
[SourceTitle "EXT 2011"]
[Source "ChessBase"]
[SourceDate "2010.11.26"]
[SourceVersion "1"]
[SourceVersionDate "2010.11.26"]
[SourceQuality "1"]
[WhiteTeam "Maroczy"]
[BlackTeam "Miskolc EMSE"]
[WhiteTeamCountry "HUN"]
[BlackTeamCountry "HUN"]

1. Nf3 Nf6 2. g3 g6 3. b3 Bg7 4. Bb2 c5 5. c4 0-0 6. Bg2 Nc6 7. 0-0 d6 8. d4 cxd4 9. Nxd4 Bd7 10. Nc2 Qc8 11. Re1 Bh3 12. Bh1 Qg4 13. Ne3 Qh5 14. Bf3 Qg5 15. Nc3 h5 16. Ng2 Bxg2 17. Bxg2 h4 18. Qc1 Qh5 19. Bf3 Qf5 20. Qb1 hxg3 21. hxg3 Qg5 22. Qc1 Qxc1 23. Raxc1 Nd7 24. Rb1 Rab8 25. e3 Bf6 26. Ne4 Bxb2 27. Rxb2 Kg7 28. Rd1 Nce5 29. Be2 Nf6 30. Nxf6 Kxf6 31. f4 Nd7 32. Bg4 Nc5 33. Bf3 b6 34. Rh2 Rh8 35. Rxh8 Rxh8 36. Rd5 Rc8 37. e4 Ne6 38. Bg4 Rc5 39. e5+ dxe5 40. fxe5+ Kg5 41. Bxe6 fxe6 42. Rxc5 bxc5 43. b4 1-0

[Event "HUN-chT2 Maroczy 0708"]
[Site "Hungary"]
[Date "2007.11.25"]
[Round "3"]
[White "Isepy, Jozsef"]
[Black "Zalai, Mihaly"]
[Result "1-0"]
[WhiteElo "2199"]
[BlackElo "2171"]
[PlyCount "45"]
[EventDate "2007.10.14"]
[EventType "team"]
[EventRounds "11"]
[EventCountry "HUN"]
[SourceTitle "EXT 2009"]
[Source "ChessBase"]
[SourceDate "2008.11.26"]
[SourceVersion "1"]
[SourceVersionDate "2008.11.26"]
[SourceQuality "1"]
[WhiteTeam "Sarospatak"]
[BlackTeam "Oroshaza"]
[WhiteTeamCountry "HUN"]
[BlackTeamCountry "HUN"]

1. e4 c5 2. Nf3 Nc6 3. d4 cxd4 4. Nxd4 g6 5. Be3 Nf6 6. Nc3 Bg7 7. Nxc6 bxc6 8. e5 Nd5 9. Nxd5 cxd5 10. Qxd5 Rb8 11. Bc4 e6 12. Qc5 d5 13. exd6 Bxb2 14. Rb1 0-0 15. 0-0 Bd7 16. Qxa7 Bc6 17. Qc7 Be4 18. Bh6 Qh4 19. Rxb2 Rxb2 20. Bxf8 Qg4 21. f3 Rxc2 22. Rf2 Bd3 23. Bh6 1-0

[Event "HUN-chT2 Maroczy 0607"]
[Site "Hungary"]
[Date "2007.03.04"]
[Round "6"]
[White "Szabo, Balazs"]
[Black "Isepy, Jozsef"]
[Result "1-0"]
[WhiteElo "2252"]
[BlackElo "2238"]
[PlyCount "65"]
[EventDate "2006.11.12"]
[EventType "team"]
[EventRounds "11"]
[EventCountry "HUN"]
[SourceTitle "EXT 2008"]
[Source "ChessBase"]
[SourceDate "2007.11.25"]
[SourceVersion "1"]
[SourceVersionDate "2007.11.25"]
[SourceQuality "1"]
[WhiteTeam "Matra"]
[BlackTeam "Sarospatak"]
[WhiteTeamCountry "HUN"]
[BlackTeamCountry "HUN"]

1. d4 Nf6 2. c4 g6 3. Nc3 d5 4. cxd5 Nxd5 5. e4 Nxc3 6. bxc3 Bg7 7. Nf3 0-0 8. Be3 c5 9. Qd2 cxd4 10. cxd4 Nc6 11. Rb1 b6 12. Bb5 Bb7 13. 0-0 Rc8 14. Rfc1 Na5 15. d5 Qd6 16. Bh6 e6 17. Bxg7 Kxg7 18. Re1 exd5 19. e5 Qe7 20. Nd4 Nc4 21. Qf4 Na3 22. Rb3 Kh8 23. Rh3 Nc2 24. Bd3 Nxd4 25. Qxd4 f5 26. Rhe3 Qc5 27. Qf4 d4 28. Rg3 Rce8 29. h4 Be4 30. h5 Qc3 31. Rc1 Qa3 32. hxg6 hxg6 33. Qh6+ 1-0

[Event "HUN-chT2 Maroczy 0607"]
[Site "Hungary"]
[Date "2007.02.18"]
[Round "5"]
[White "Isepy, Jozsef"]
[Black "Birinyi, Istvan"]
[Result "0-1"]
[WhiteElo "2238"]
[BlackElo "2085"]
[PlyCount "92"]
[EventDate "2006.11.12"]
[EventType "team"]
[EventRounds "11"]
[EventCountry "HUN"]
[SourceTitle "EXT 2008"]
[Source "ChessBase"]
[SourceDate "2007.11.25"]
[SourceVersion "1"]
[SourceVersionDate "2007.11.25"]
[SourceQuality "1"]
[WhiteTeam "Sarospatak"]
[BlackTeam "Vizugy"]
[WhiteTeamCountry "HUN"]
[BlackTeamCountry "HUN"]

1. e4 e5 2. Nf3 Nc6 3. Bb5 a6 4. Ba4 Nf6 5. 0-0 Be7 6. Re1 b5 7. Bb3 d6 8. c3 Bg4 9. h3 Bh5 10. d3 Na5 11. Bc2 c5 12. Bg5 0-0 13. Nbd2 Nc6 14. Nf1 d5 15. Ng3 dxe4 16. Bxf6 Bxf3 17. gxf3 Bxf6 18. fxe4 Bg5 19. Qg4 g6 20. Rad1 Qf6 21. Bb3 h5 22. Qe2 Rad8 23. Kg2 Bf4 24. Rg1 Qh4 25. Qf3 Rd6 26. Ne2 Bh6 27. Qg3 Qe7 28. Bd5 Kg7 29. f4 exf4 30. Qf2 Ne5 31. Kf1 c4 32. d4 Nd3 33. Qf3 Qh4 34. b3 Rxd5 35. bxc4 bxc4 36. Nc1 Rb5 37. Nxd3 cxd3 38. Qxd3 Rfb8 39. e5 Rb2 40. Qf3 Rh2 41. Rg2 Rh1+ 42. Rg1 Rxh3 43. Qd5 Qe7 44. c4 Rb2 45. Rg2 Rh1+ 46. Rg1 Rhh2 0-1

[Event "HUN-chT2 Maroczy 0506"]
[Site "Hungary"]
[Date "2006.02.26"]
[Round "8"]
[White "Isepy, Jozsef"]
[Black "Ligart, Tamas"]
[Result "1/2-1/2"]
[WhiteElo "2242"]
[BlackElo "2168"]
[PlyCount "66"]
[EventDate "2005.10.16"]
[EventType "team"]
[EventRounds "11"]
[EventCountry "HUN"]
[SourceTitle "EXT 2009"]
[Source "ChessBase"]
[SourceDate "2008.11.26"]
[SourceVersion "1"]
[SourceVersionDate "2008.11.26"]
[SourceQuality "1"]
[WhiteTeam "Sarospatak"]
[BlackTeam "Edeleny"]
[WhiteTeamCountry "HUN"]
[BlackTeamCountry "HUN"]

1. e4 Nf6 2. e5 Nd5 3. c4 Nb6 4. d4 d6 5. f4 dxe5 6. fxe5 Nc6 7. Be3 Bf5 8. a3 e6 9. Nf3 Be7 10. Be2 0-0 11. 0-0 f6 12. Nc3 fxe5 13. dxe5 Nd7 14. Bf4 g5 15. Bg3 g4 16. Nd2 Ndxe5 17. Nde4 Qe8 18. Qd2 Qg6 19. Qe3 h5 20. b4 Qg7 21. Rad1 Rad8 22. Kh1 Ng6 23. Bxc7 Rxd1 24. Rxd1 Bxb4 25. axb4 Qxc7 26. b5 Nce5 27. Qg5 Kg7 28. Ng3 h4 29. Nh5+ Kh7 30. Nf6+ Kg7 31. Nh5+ Kh7 32. Nf6+ Kg7 33. Nh5+ Kh7 1/2-1/2

[Event "HUN-chT2 Maroczy 0506"]
[Site "Hungary"]
[Date "2006.02.12"]
[Round "7"]
[White "Birinyi, Istvan"]
[Black "Isepy, Jozsef"]
[Result "0-1"]
[WhiteElo "2108"]
[BlackElo "2242"]
[PlyCount "106"]
[EventDate "2005.10.16"]
[EventType "team"]
[EventRounds "11"]
[EventCountry "HUN"]
[SourceTitle "EXT 2009"]
[Source "ChessBase"]
[SourceDate "2008.11.26"]
[SourceVersion "1"]
[SourceVersionDate "2008.11.26"]
[SourceQuality "1"]
[WhiteTeam "Vizugy"]
[BlackTeam "Sarospatak"]
[WhiteTeamCountry "HUN"]
[BlackTeamCountry "HUN"]

1. e4 c5 2. Nf3 d6 3. d4 cxd4 4. Nxd4 Nf6 5. Nc3 a6 6. Be2 e6 7. Be3 Be7 8. 0-0 0-0 9. f4 Qc7 10. Bf3 Nbd7 11. Nb3 Rb8 12. g4 b5 13. g5 Ne8 14. a3 Nb6 15. Nd2 Bb7 16. Qe1 d5 17. Qf2 Nc4 18. Nxc4 dxe4 19. Nxe4 Qxc4 20. Qg2 Bxe4 21. Bxe4 Nd6 22. Bd3 Qc7 23. Qh3 g6 24. Bd4 Rfd8 25. Rf3 h5 26. gxh6 Kh7 27. Be5 Rbc8 28. Kh1 Qc6 29. Re1 Qd5 30. Bc3 Rd7 31. Re5 Qc6 32. Qg2 Nf5 33. Be4 Qc4 34. Bd3 Qc6 35. Bxf5 exf5 36. Re1 Bh4 37. Ref1 Qe4 38. Rh3 Qxg2+ 39. Kxg2 Be7 40. Re1 Rc4 41. Rhe3 Bh4 42. Rf1 Be7 43. Rf2 Bc5 44. Rd3 Re7 45. Rff3 Re2+ 46. Kg3 g5 47. Rd2 Rxd2 48. Bxd2 Rxc2 49. b4 Bd6 50. Rd3 Rxd2 51. Rxd6 Rxd6 52. fxg5 Rd4 53. h4 f6 0-1

[Event "HUN-chT2 Maroczy 0506"]
[Site "Hungary"]
[Date "2005.11.27"]
[Round "4"]
[White "Horvath, Julia"]
[Black "Isepy, Jozsef"]
[Result "0-1"]
[WhiteElo "2261"]
[BlackElo "2242"]
[PlyCount "104"]
[EventDate "2005.10.16"]
[EventType "team"]
[EventRounds "11"]
[EventCountry "HUN"]
[SourceTitle "EXT 2009"]
[Source "ChessBase"]
[SourceDate "2008.11.26"]
[SourceVersion "1"]
[SourceVersionDate "2008.11.26"]
[SourceQuality "1"]
[WhiteTeam "Vasas"]
[BlackTeam "Sarospatak"]
[WhiteTeamCountry "HUN"]
[BlackTeamCountry "HUN"]

1. d4 Nf6 2. c4 g6 3. Nc3 d5 4. cxd5 Nxd5 5. Bd2 Bg7 6. e4 Nxc3 7. Bxc3 0-0 8. Nf3 e6 9. Bc4 c5 10. 0-0 a6 11. a4 Nc6 12. d5 exd5 13. exd5 Nb4 14. Qd2 Qd6 15. Rfe1 Bf5 16. Nh4 Bd7 17. a5 Rfe8 18. Bxg7 Kxg7 19. f4 Rxe1+ 20. Rxe1 Re8 21. Rxe8 Bxe8 22. f5 f6 23. g4 Bf7 24. fxg6 hxg6 25. Ng2 Qe5 26. Nf4 Qg5 27. Ne6+ Bxe6 28. Qxg5 fxg5 29. dxe6 Kf6 30. Kf2 Nc6 31. Ke3 Nxa5 32. Bd5 Nc6 33. Ke4 Nd8 34. Kd3 b6 35. Bc4 b5 36. Bd5 Nxe6 37. Bb7 c4+ 38. Kc3 Nc5 39. Bc6 Ke5 40. Kb4 Kd4 41. h3 Nd3+ 42. Ka3 a5 43. Bd7 b4+ 44. Ka2 c3 45. bxc3+ Kxc3 46. Be8 b3+ 47. Kb1 Ne5 48. Bb5 Kb4 49. Bf1 a4 50. Ba6 a3 51. Be2 a2+ 52. Kb2 Nc4+ 0-1

[Event "HUN-chT2 Maroczy 0506"]
[Site "Hungary"]
[Date "2005.10.30"]
[Round "2"]
[White "Isepy, Jozsef"]
[Black "Lovas, Zsolt"]
[Result "1/2-1/2"]
[WhiteElo "2242"]
[BlackElo "2104"]
[PlyCount "80"]
[EventDate "2005.10.16"]
[EventType "team"]
[EventRounds "11"]
[EventCountry "HUN"]
[SourceTitle "EXT 2009"]
[Source "ChessBase"]
[SourceDate "2008.11.26"]
[SourceVersion "1"]
[SourceVersionDate "2008.11.26"]
[SourceQuality "1"]
[WhiteTeam "Sarospatak"]
[BlackTeam "Honved II"]
[WhiteTeamCountry "HUN"]
[BlackTeamCountry "HUN"]

1. e4 c6 2. d4 d5 3. e5 Bf5 4. h4 h5 5. Bd3 Qd7 6. Nf3 Nh6 7. Ng5 Bxd3 8. Qxd3 e6 9. Be3 Nf5 10. Nc3 Nxe3 11. fxe3 Be7 12. 0-0-0 Bxg5 13. hxg5 g6 14. g4 h4 15. Qf1 Qe7 16. Qf4 Nd7 17. Rh3 Kf8 18. Rdh1 Kg7 19. e4 Rh7 20. exd5 exd5 21. Nd1 Rah8 22. Ne3 Nf8 23. Nf5+ gxf5 24. gxf5 Kg8 25. Rg1 Qd7 26. Rg4 Rh5 27. b3 b5 28. Kb2 a5 29. g6 fxg6 30. fxg6 Qg7 31. Qf6 Qxf6 32. exf6 Nxg6 33. Rxg6+ Kf8 34. Rg4 R8h6 35. Kc3 Kf7 36. Rf4 b4+ 37. Kb2 Rg5 38. Rhxh4 Rxh4 39. Rxh4 Kxf6 40. Rh8 Ke6 1/2-1/2

[Event "Zemplen Cup op"]
[Site "Sarospatak"]
[Date "2003.06.28"]
[Round "6"]
[White "Isepy, Jozsef"]
[Black "Balogh, Laszlo"]
[Result "1-0"]
[WhiteElo "2282"]
[BlackElo "2089"]
[PlyCount "65"]
[EventDate "2003.07.27"]
[EventType "swiss (rapid)"]
[EventRounds "9"]
[EventCountry "HUN"]
[SourceTitle "EXT 2005"]
[Source "ChessBase"]
[SourceDate "2004.11.15"]
[SourceVersion "1"]
[SourceVersionDate "2004.11.15"]
[SourceQuality "1"]

1. e4 c5 2. Nf3 Nc6 3. d4 cxd4 4. Nxd4 Nf6 5. Nc3 e5 6. Ndb5 d6 7. Bg5 a6 8. Bxf6 gxf6 9. Na3 b5 10. Nd5 Bg7 11. g3 f5 12. Bg2 0-0 13. c3 Rb8 14. Nc2 fxe4 15. Bxe4 f5 16. Bg2 a5 17. 0-0 b4 18. Nce3 bxc3 19. bxc3 Ba6 20. Re1 e4 21. Qh5 Qd7 22. Reb1 Qf7 23. Qxf7+ Rxf7 24. Rxb8+ Nxb8 25. Bh3 Bd3 26. Bxf5 Rb7 27. f3 Na6 28. Bxe4 Bxe4 29. fxe4 Nc5 30. Re1 Nxe4 31. Nf5 Nf6 32. Nxf6+ Bxf6 33. Re8+ 1-0

[Event "Zemplen Cup op"]
[Site "Sarospatak"]
[Date "2003.06.28"]
[Round "5"]
[White "Pozsonyi, Istvan"]
[Black "Isepy, Jozsef"]
[Result "1/2-1/2"]
[WhiteElo "2113"]
[BlackElo "2282"]
[PlyCount "46"]
[EventDate "2003.07.27"]
[EventType "swiss (rapid)"]
[EventRounds "9"]
[EventCountry "HUN"]
[SourceTitle "EXT 2005"]
[Source "ChessBase"]
[SourceDate "2004.11.15"]
[SourceVersion "1"]
[SourceVersionDate "2004.11.15"]
[SourceQuality "1"]

1. d4 Nf6 2. c4 g6 3. Nc3 d5 4. cxd5 Nxd5 5. Na4 Bg7 6. e4 Nb6 7. Be3 0-0 8. h3 Nxa4 9. Qxa4 c5 10. Rd1 cxd4 11. Bxd4 Bxd4 12. Rxd4 Qb6 13. Rd2 Nc6 14. Nf3 Be6 15. Bb5 Rfd8 16. Rxd8+ Rxd8 17. Bxc6 Qxb2 18. Bd5 Bxd5 19. exd5 Qb1+ 20. Qd1 Qe4+ 21. Qe2 Qb1+ 22. Qd1 Qe4+ 23. Qe2 Qb1+ 1/2-1/2

[Event "Zemplen Cup op"]
[Site "Sarospatak"]
[Date "2003.06.27"]
[Round "2"]
[White "Isepy, Jozsef"]
[Black "Papp, Abel"]
[Result "1-0"]
[WhiteElo "2282"]
[BlackElo "1946"]
[PlyCount "93"]
[EventDate "2003.07.27"]
[EventType "swiss (rapid)"]
[EventRounds "9"]
[EventCountry "HUN"]
[SourceTitle "EXT 2005"]
[Source "ChessBase"]
[SourceDate "2004.11.15"]
[SourceVersion "1"]
[SourceVersionDate "2004.11.15"]
[SourceQuality "1"]

1. e4 e5 2. Nf3 Nc6 3. Bb5 a6 4. Bxc6 dxc6 5. 0-0 f6 6. d4 Bd6 7. dxe5 Bxe5 8. Nxe5 Qxd1 9. Rxd1 fxe5 10. b3 Nf6 11. f3 0-0 12. Bb2 Re8 13. Nd2 b5 14. Nf1 Bd7 15. Rd2 Rad8 16. Rad1 Re7 17. Ne3 g6 18. c4 Rde8 19. Nc2 Bc8 20. Nb4 Bb7 21. Nd3 Nd7 22. Ba3 Rf7 23. Nc5 Nxc5 24. Bxc5 Kg7 25. Rd8 Rxd8 26. Rxd8 a5 27. Kf2 bxc4 28. bxc4 Ba6 29. Ra8 Bxc4 30. Rxa5 Rd7 31. Be3 Kf6 32. a4 Bb3 33. Ra6 Kf7 34. a5 Ba4 35. Ra8 c5 36. Bxc5 Bc6 37. Rf8+ Kg7 38. a6 Rd2+ 39. Kg3 Ra2 40. a7 Ra5 41. Rc8 Rxc5 42. Rxc7+ Kf6 43. Rxc6+ Rxc6 44. a8Q Re6 45. Qf8+ Kg5 46. h4+ Kh5 47. Kh3 1-0

[Event "HUN-chT2 Maroczy 0203"]
[Site "Hungary"]
[Date "2003.03.02"]
[Round "8.5"]
[White "Pesztericz, Laszlo"]
[Black "Isepy, Jozsef"]
[Result "0-1"]
[WhiteElo "2203"]
[BlackElo "2243"]
[PlyCount "68"]
[EventDate "2002.09.22"]
[EventType "team"]
[EventRounds "11"]
[EventCountry "HUN"]
[SourceTitle "EXT 2004"]
[Source "ChessBase"]
[SourceDate "2003.11.25"]
[SourceVersion "1"]
[SourceVersionDate "2003.11.25"]
[SourceQuality "1"]
[WhiteTeam "Husi"]
[BlackTeam "Sarospatak"]
[WhiteTeamCountry "HUN"]
[BlackTeamCountry "HUN"]

1. e4 c5 2. Nc3 Nc6 3. g3 g6 4. Bg2 Bg7 5. d3 a6 6. Be3 d6 7. Qd2 e6 8. f4 Nge7 9. Nf3 Nd4 10. 0-0 0-0 11. Nd1 d5 12. c3 Nxf3+ 13. Bxf3 d4 14. cxd4 cxd4 15. Bf2 e5 16. b3 Bh3 17. Re1 Nc6 18. Nb2 Bh6 19. Na4 b5 20. Rac1 Rc8 21. Nc5 Qf6 22. Qe2 exf4 23. e5 Nxe5 24. Ne4 Qb6 25. g4 Rxc1 26. Rxc1 Bxg4 27. Nd2 Nxf3+ 28. Nxf3 Qd8 29. Kg2 Re8 30. Qd1 Qd5 31. h3 Bh5 32. Rc7 g5 33. Ra7 g4 34. hxg4 Bxg4 0-1

[Event "HUN-chT2 Maroczy 0203"]
[Site "Hungary"]
[Date "2002.09.22"]
[Round "1.7"]
[White "Nagy, Janos"]
[Black "Isepy, Jozsef"]
[Result "0-1"]
[WhiteElo "2253"]
[BlackElo "2243"]
[PlyCount "68"]
[EventDate "2002.09.22"]
[EventType "team"]
[EventRounds "11"]
[EventCountry "HUN"]
[SourceTitle "EXT 2004"]
[Source "ChessBase"]
[SourceDate "2003.11.25"]
[SourceVersion "1"]
[SourceVersionDate "2003.11.25"]
[SourceQuality "1"]
[WhiteTeam "Mako"]
[BlackTeam "Sarospatak"]
[WhiteTeamCountry "HUN"]
[BlackTeamCountry "HUN"]

1. e4 c5 2. Nf3 d6 3. d4 cxd4 4. Nxd4 Nf6 5. Nc3 a6 6. a4 Nc6 7. Be2 g6 8. Be3 Bg7 9. h3 0-0 10. 0-0 Bd7 11. Nb3 Be6 12. Nd2 Rc8 13. f4 Na5 14. Rf2 Nc4 15. Nxc4 Bxc4 16. Bf3 Nd7 17. e5 dxe5 18. Rd2 Be6 19. Bd5 Bf5 20. g4 exf4 21. Bf2 Rxc3 22. gxf5 Rc7 23. Bb6 e6 24. fxe6 Nxb6 25. exf7+ Kh8 26. Bxb7 Qg5+ 27. Bg2 f3 28. h4 Qe3+ 29. Rf2 fxg2 30. Ra3 Qc5 31. Kxg2 Nc4 32. Raf3 Ne3+ 33. Rxe3 Qxe3 34. Qd6 Rcxf7 0-1

[Event "HUN-chT2 0102"]
[Site "Hungary"]
[Date "2002.04.21"]
[Round "11"]
[White "Isepy, Jozsef"]
[Black "Hetenyi, Geza"]
[Result "1-0"]
[WhiteElo "2216"]
[BlackElo "2207"]
[PlyCount "119"]
[EventDate "2001.??.??"]
[EventType "team"]
[EventRounds "11"]
[EventCountry "HUN"]
[SourceTitle "EXT 2004"]
[Source "ChessBase"]
[SourceDate "2003.11.25"]
[SourceVersion "1"]
[SourceVersionDate "2003.11.25"]
[SourceQuality "1"]

1. e4 e6 2. d4 d5 3. Nd2 Nf6 4. Bd3 c5 5. e5 Nfd7 6. c3 b6 7. Ne2 Ba6 8. Bxa6 Nxa6 9. 0-0 Rc8 10. f4 g6 11. Nf3 h5 12. Be3 Nab8 13. h3 h4 14. Bf2 Be7 15. Rc1 Nc6 16. c4 dxc4 17. Rxc4 b5 18. Rc1 c4 19. Nc3 a6 20. d5 exd5 21. Nxd5 Bc5 22. Ng5 Bxf2+ 23. Rxf2 Nc5 24. Qg4 Qxd5 25. Qxc8+ Nd8 26. e6 fxe6 27. Re1 0-0 28. Re5 Qd1+ 29. Rf1 Qd4+ 30. Kh1 Nd7 31. Qc7 Qd3 32. Rf3 Qd1+ 33. Kh2 Re8 34. Re1 Qd5 35. Rfe3 Nf8 36. Re5 Qd7 37. Rc5 Re7 38. Qxd7 Rxd7 39. Rc8 Kg7 40. Re2 Kf6 41. Ra8 Kf5 42. Rxa6 Kxf4 43. Nf3 Rd5 44. Nxh4 Kg5 45. Nf3+ Kf6 46. h4 Nd7 47. Ng5 Ne5 48. Rf2+ Ke7 49. Ra7+ Kd6 50. Rf8 Kc6 51. Re7 Kd6 52. Ree8 Nec6 53. Rxd8+ Nxd8 54. Rxd8+ Kc5 55. Nxe6+ Kc6 56. Rxd5 Kxd5 57. Nf4+ Kd4 58. Nxg6 b4 59. Nf4 Ke3 60. Nd5+ 1-0

[Event "HUN-chT2 0102"]
[Site "Hungary"]
[Date "2002.02.10"]
[Round "7"]
[White "Bartha, Sandor"]
[Black "Isepy, Jozsef"]
[Result "1/2-1/2"]
[WhiteElo "2201"]
[BlackElo "2216"]
[PlyCount "83"]
[EventDate "2001.??.??"]
[EventType "team"]
[EventRounds "11"]
[EventCountry "HUN"]
[SourceTitle "EXT 2004"]
[Source "ChessBase"]
[SourceDate "2003.11.25"]
[SourceVersion "1"]
[SourceVersionDate "2003.11.25"]
[SourceQuality "1"]

1. d4 Nf6 2. b3 g6 3. Bb2 Bg7 4. Nd2 d5 5. g3 0-0 6. Bg2 Bf5 7. Ngf3 Nbd7 8. 0-0 Re8 9. c4 c6 10. cxd5 cxd5 11. Nh4 Be6 12. h3 Rc8 13. Kh2 Qa5 14. f4 Bf5 15. Nxf5 gxf5 16. Nf3 Rc7 17. a4 Rec8 18. Ba3 e6 19. Ne5 Rc2 20. Nc4 R2xc4 21. bxc4 Rxc4 22. Be7 Rxd4 23. Qb3 Nb6 24. Rfc1 Rc4 25. Qb5 Qd2 26. Rxc4 dxc4 27. Rg1 Qxe2 28. a5 Nbd5 29. Qxb7 Nxe7 30. Qxe7 Ne4 31. Qxa7 Qd2 32. Qa8+ Bf8 33. Rf1 c3 34. a6 c2 35. Qc8 Qd3 36. Bxe4 Qxf1 37. Bg2 c1Q 38. Qxc1 Qxc1 39. a7 Bc5 40. a8Q+ Kg7 41. h4 Qd1 42. Qf3 1/2-1/2

[Event "HUN-chT2 0102"]
[Site "Hungary"]
[Date "2002.01.27"]
[Round "6"]
[White "Nagyajtai, Gabor"]
[Black "Isepy, Jozsef"]
[Result "0-1"]
[WhiteElo "2257"]
[BlackElo "2216"]
[PlyCount "77"]
[EventDate "2001.??.??"]
[EventType "team"]
[EventRounds "11"]
[EventCountry "HUN"]
[SourceTitle "EXT 2004"]
[Source "ChessBase"]
[SourceDate "2003.11.25"]
[SourceVersion "1"]
[SourceVersionDate "2003.11.25"]
[SourceQuality "1"]

1. e4 c5 2. Nf3 Nc6 3. d4 cxd4 4. Nxd4 Nf6 5. Nc3 d6 6. Bg5 e6 7. Qd2 a6 8. 0-0-0 Qa5 9. f4 Be7 10. Bc4 h6 11. Bxf6 gxf6 12. f5 Nxd4 13. Qxd4 Bd7 14. Ne2 Rc8 15. Bb3 Qe5 16. g3 exf5 17. exf5 Bxf5 18. Qf2 0-0 19. Rhe1 Be4 20. Nc3 f5 21. Bd5 Rxc3 22. Bxe4 Bg5+ 23. Kb1 Rc5 24. Bg2 Qg7 25. Rxd6 Rfc8 26. Re2 Rb5 27. Qd4 Qxd4 28. Rxd4 Bf6 29. c4 Rb4 30. Rf4 Rbxc4 31. Rxc4 Rxc4 32. b3 Rc7 33. Rf2 Re7 34. Bh3 Bd4 35. Rd2 Bc3 36. Rf2 b5 37. Bxf5 b4 38. Bd3 Re1+ 39. Kc2 0-1